000 00457nam a22001817a 4500
003 MPLRDC
005 20220104154411.0
008 210129b ||||| |||| 00| 0 eng d
082 _a861.57 ABGF
100 _a安部公房
245 _a箱子里的男人
_c钟肇政译
250 _a初版
260 _a
_b远景出版事业公司
_c1979
300 _b
490 _a远景丛刊. 110
650 _a日本现代小说
942 _cBK
_o861.57 ABGF
999 _c53967
_d53957